000
00209 a2200097 4500
001
2976
100
_a
Hant, M.G
245
_a
Geomosphology:pure & Applied
260
_a
_b
George Allen
_c
090
_c
2265
_d
2265
942
_a
NUST-CAE
_c
M
_c
14058
999
_c
238049
_d
238049